Score 0/22 Timer 04:00
1 Play Today
Movie Missing word % Correct
_____ Story 3
Tom Hanks, Tim Allen
Toy
99%
The Karate _____
Ralph Macchio, Elisabeth Shue
Kid
98.9%
_____ Mutant Ninja Turtles
Megan Fox, Will Arnett
Teenage
97.7%
The Addams _____
Anjelica Huston, Christopher Lloyd
Family
97%
All Dogs Go to _____
Burt Reynolds, Dom DeLuise
Heaven
96.3%
_____ with Benefits
Justin Timberlake, Mila Kunis
Friends
95%
_____ the Line
Joaquin Phoenix, Reese Witherspoon
Walk
93.7%
Rosemary's _____
Mia Farrow, John Cassavetes
Baby
93.5%
No Country for _____ Men
Tommy Lee Jones, Javier Bardem
Old
93.3%
Look Who's _____
John Travolta, Kirstie Alley
Talking
93.3%
_____ of Rock
Jack Black, Joan Cusack
School
91.7%
Movie Missing word % Correct
_____ Hard with a Vengeance
Bruce Willis, Jeremy Irons
Die
91.6%
Meet the _____
Ben Stiller, Robert De Niro
Parents
90.5%
Dude, Where's My _____?
Ashton Kutcher, Jennifer Garner
Car
89.9%
The Italian _____
Michael Caine, Noel Coward
Job
87.9%
_____ Zhivago
Omar Sharif, Julie Christie
Doctor
87.3%
Death at a _____
Bruce Willis, Jeremy Irons
Funeral
77.4%
The Long _____ Goodnight
Geena Davis, Samuel L. Jackson
Kiss
77.2%
_____ the Titans
Denzel Washington, Will Patton
Remember
74%
_____ to the Mob
Michelle Pfeiffer, Matthew Modine
Married
72.5%
Bachelor _____
Tom Hanks, Tawny Kitaen
Party
69.6%
Young _____
Charlize Theron, Patrick Wilson
Adult
27%

Today's Daily Dose

Remove Ads.
Support Sporcle.
Get the best of Sporcle when you Go Orange. This ad-free experience offers more features, more stats, and more fun while also helping to support Sporcle. Thank you for becoming a member.

You're not logged in!

Compare scores with friends on all Sporcle quizzes.
OR
Log In

Show Comments

Extras

Top Quizzes Today


Score Distribution

Your Account Isn't Verified!

In order to create a playlist on Sporcle, you need to verify the email address you used during registration. Go to your Sporcle Settings to finish the process.

Report this User

Report this user for behavior that violates our Community Guidelines.

Details: